MDQL
is popping MORE tags! Check the
thread
!
Quizzes
Events
Quiz Creation
Community
Videos
Private Events
Remove Ads
Sign In
Join for FREE
Feedback
Dark Mode
Quiz Categories
Sports
Geography
Music
Movies
Television
Just For Fun
Miscellaneous
History
Literature
Language
Science
Gaming
Entertainment
Religion
Holiday
For Kids
Quiz Lab
Recent
Popular Today
Quiz Kudos Today
Editor Picks
Curator Picks
Quizzes by...
Day
Popularity
Type
Ratings
Length
Year
Community
Subscriptions
Recent Discussions
Orange Saloon
Badges
Playlists
Quests
Create
Leaderboards
Showdown
Live 5
Trivia Bingo
Activity
Puzzle Library
Sporcle Events
Private Events
Virtual Trivia
Globe League
Become a Host
Pub Owners
SporcleCon
Opinionation
Our Games
Videos
Blog
Mobile Apps
Partnerships
Remove Ads and Go Orange
Feedback
Just For Fun
Clickable
Get the Picture
Humor
Quick Pick
Word Ladder
Missing Word
Mixed Word
Blitz
Minefield
This or That
Alphabet
Color
Typing
Sporcle
Puzzle
Word Play
Follow That Line
Logic
Just For Fun
Clickable
Get the Picture
Humor
Quick Pick
Word Ladder
Missing Word
Mixed Word
Blitz
Minefield
This or That
Alphabet
Color
Typing
Sporcle
Puzzle
Word Play
Follow That Line
Logic
Random Quiz
Search Sporcle
×
Featured
Featured
Just For Fun
Console
Type in answers that appear in a list
Type in answers that appear in a list
Classic
Best Score? Go Orange.
Missing Word: Sega Master System Stats
Can you name the missing words from these Sega Master System games?
By
Matt91486
2m
16 Questions
1,184 Plays
1,184 Plays
1,184 Plays
Comments
Comments
Give Quiz Kudos
Give Quiz Kudos
-
- Ratings
hide this ad
Replay
Link that replays current quiz
Next Quiz
Link to next quiz in quiz playlist
You Got
0%
They Got
Avg Score
52%
Avg Friend Score
Upgrade to see
Score Distribution
Jump to the score distribution portion of the page
Score
0/16
Timer
02:00
0
Plays Today
Sega Master System Game
Missing Word
% Correct
Sonic the _
_
_
_
_
Hedgehog
96.3%
The Simpsons: _
_
_
_
_
vs. the World
Bart
82.1%
Dragon: The _
_
_
_
_
Lee Story
Bruce
80.5%
_
_
_
_
_
Jackson's Moonwalker
Michael
80.2%
Castle of Illusion Starring Mickey _
_
_
_
_
Mouse
79.9%
_
_
_
_
_
Montana Football
Joe
74.1%
PGA _
_
_
_
Golf
Tour
61.7%
_
_
_
_
_
Burner
After
51%
Sega Master System Game
Missing Word
% Correct
_
_
_
_
_
Axe
Golden
43.5%
Altered _
_
_
_
_
Beast
41.6%
Phantasy _
_
_
_
_
Star
36.9%
Alex _
_
_
_
_
in Shinobi World
Kidd
33%
California _
_
_
_
_
Games
26%
_
_
_
_
_
Harrier
Space
25.4%
_
_
_
_
_
Quest: Quest for the Crown
King's
22%
Cloud _
_
_
_
_
Master
14.1%
Quiz Playlist
Details
Report
Send in Message
Add To Playlist
Classic:
Type in answers that appear in a list
Last Updated: Jul 16, 2022
Featured
Previous Missing Word
Next Missing Word
Play Today's Daily Dose
Quiz Scoreboard
CHALLENGE
Sign Up to Join the Scoreboard
Show All
Scores
Hide
Comments
May contain spoilers
Recently Published
Two Season TV Shows II
by 123Four
Television
10m
Image Sorting: Flags VI
by Barbecue
Geography
2m
Find the 'City' Movie
by crazypaving
Movies
60s
More to Explore
Quiz From the Vault
Featured Blog Post
14 Easter Pick-up Lines to Find Eggs With
hide this ad
You Might Also Like...
Tags
Console Quiz
Missing Word Quiz
Video Games Quiz
1980s
fill-in-the-blank
sega
Sega Games
Today's Top Quizzes in Just For Fun
Browse Just For Fun
hide this ad
Today's Top Quizzes in Console
Browse Console
Top Contributed Quizzes in Just For Fun
1
Name Just One - 10 to 1: Just For Fun
2
Missing Word: 2-Letter A-Z II
3
Missing Letter Whitney Houston Songs
4
Avatar the Last Airbender: Logic Puzzle
5
It's Magic / Witchcraft 🎩🪄🧙♀️
6
Survivor Winners Logic Puzzle
7
Missing Word: 'Of' Things A-Z
8
Killer Double Trees 224 - Colour Match-Up
9
Click the Differences: Playground
10
Missing Word: 'Of' Things A-Z II
Explore More
Trending Topics
Marvel
Disney
Kpop
Anime
Crossword
NBA
Harry Potter
Song
Country
WWE
The Office
NFL
Puzzle
Pokémon
Soccer
hide this ad
More By:
Matt91486
Quiz
Plays
Rating
Category
Featured
Created
NBA Players Joined by Name
40,918
4.68
Sports
Oct 26, 2016
Match the Cookies
26,006
4.24
Miscellaneous
Jul 18, 2017
'Of' Video Game Titles
10,031
4.66
Gaming
Nov 3, 2019
Word Ladder: Bastille Day
8,642
4.58
Just For Fun
Jul 5, 2017
Quick Pick: Games of 1985
6,225
4.31
Just For Fun
Oct 8, 2021
Go to Creator's Profile
Score Distribution
Quiz Creator Spotlight
Matt91486
Follow
Send a Message
Quizzes Created
-
Created Quiz Play Count
-
More By This Creator
Popular Quizzes Today
1
Colored Red Africa Blitz
2
Find the US States - No Outlines Minefield
3
Find the 'City' Movie
4
5x2 Blitz: Bands
5
The Countries of the World
6
Find the US States
7
Find the Countries of Europe - No Outlines Minefield
8
US States
More Just For Fun Quizzes
Word Ladder: The Who
Published
Trending Quizzes
Colored Red Europe Blitz I
Colored Red Africa Blitz II
Colored Red Europe Blitz II
Colored Red Africa Blitz III
Colored Red Europe Blitz III
Recently Updated
How Do You Spell That?
pecheneg
Godzilla Movies
pecheneg
Grab Bag: 4-10 Letters
pecheneg
2024 March Madness Bracket
pecheneg
Famous TV Couples
Peacemaker
Champions League XIs: Real Madrid
pecheneg
Largest US Cities 1790-2010
pecheneg
Rides in Walt Disney World
pecheneg
Most Oscar Losses (Acting)
pecheneg
Beyoncé Albums
pecheneg
Trending Topics
Kpop
Marvel
Harry Potter
Crossword
Anime
Disney
NBA
Soccer
Pokémon
Song
Puzzle
NFL
WWE
Country
The Office
Your Account Isn't Verified!
In order to create a playlist on Sporcle, you need to verify the email address you used during registration. Go to your
Sporcle Settings
to finish the process.
Report this User
Report this user for behavior that violates our
Community Guidelines
.
Details:
Send Report
Go to the Sporcle.com Mobile Site →
Comments